Score 0/30 Timer 01:00
7 Plays Today
% Correct
Rowling, J.K.
60.1%
Orwell, George
55.5%
Seuss, Dr.
55.2%
Austen, Jane
55%
Homer
54.1%
Shelley, Mary
53.9%
Twain, Mark
53.8%
Lee, Harper
53.3%
Fitzgerald, F. Scott
53%
Dickens, Charles
52.3%
Dahl, Roald
51.5%
Brontë, Emily
51%
Tolstoy, Leo
50.6%
Stoker, Bram
48.4%
Salinger, J.D.
47.8%
% Correct
Stevenson, Robert Louis
44.3%
Steinbeck, John
44.3%
Melville, Herman
44.1%
Crichton, Michael
43.2%
White, E.B.
41.6%
King, Stephen
41.3%
Vonnegut, Kurt
40.3%
Adams, Douglas
39.2%
Hemingway, Ernest
38.3%
Kafka, Franz
38%
Conrad, Joseph
37.7%
Wilde, Oscar
36.7%
Golding, William
36.3%
Heller, Joseph
33.9%
Irving, John
22.3%
Remove Ads.
Support Sporcle.
Get the best of Sporcle when you Go Orange. This ad-free experience offers more features, more stats, and more fun while also helping to support Sporcle. Thank you for becoming a member.

You're not logged in!

Compare scores with friends on all Sporcle quizzes.
OR
Log In

Sporcle TV

Today on Sporcle TV


Watch our educational content, quiz creation guides, and fun videos on Sporcle TV.

Show Comments

Extras

Top Quizzes Today


Score Distribution

Paid Content

Your Account Isn't Verified!

In order to create a playlist on Sporcle, you need to verify the email address you used during registration. Go to your Sporcle Settings to finish the process.

Report this User

Report this user for behavior that violates our Community Guidelines.

Details: